Statistics for Empire, Caliphate, or Dynasty?

Click here to take the quiz!

General Stats

  • This quiz has been taken 161 times
  • The average score is 12 of 15

Answer Stats

QuestionAnswer% Correct
Holy RomanEmpire
100%
HanDynasty
99%
QingDynasty
97%
AztecEmpire
97%
AbbasidCaliphate
95%
BabylonianEmpire
95%
UmayyadCaliphate
91%
ZhouDynasty
89%
MaliEmpire
89%
ToltecEmpire
88%
FatimidCaliphate
76%
VijayanagaraEmpire
67%
CórdobaCaliphate
58%
SafavidDynasty
24%
AyyubidDynasty
19%

Score Distribution

Percentile by Number Answered

Percent of People with Each Score

Your Score History

You have not taken this quiz